Strengthening domestic resource mobilization : moving from theory to practice in low- and middle-income countries / Raúl Félix Junquera-Varela, Marijn Verhoeven, Gangadhar P. Shukla, Bernard Haven, Rajul Awasthi, and Blanca Moreno-Dodson. (Record no. 20572)

000 -LEADER
fixed length control field 01889nam a22001817a 4500
020 ## - INTERNATIONAL STANDARD BOOK NUMBER
ISBN 9781464810732
082 ## - DEWEY DECIMAL CLASSIFICATION NUMBER
Classification number 338
Item number J957 2007
100 ## - MAIN ENTRY--AUTHOR NAME
Personal name Junquera-Varela, Raúl Félix, author.
245 ## - TITLE STATEMENT
Title Strengthening domestic resource mobilization : moving from theory to practice in low- and middle-income countries / Raúl Félix Junquera-Varela, Marijn Verhoeven, Gangadhar P. Shukla, Bernard Haven, Rajul Awasthi, and Blanca Moreno-Dodson.
260 ## - PUBLICATION, DISTRIBUTION, ETC. (IMPRINT)
Place of publication Washington, DC :
Name of publisher World Bank Group,
Year of publication ©2017
300 ## - PHYSICAL DESCRIPTION
Number of Pages 1 online resorces, xviii, 124 pages :
Other physical details illustrations
490 ## - SERIES STATEMENT
Series statement (Directions in development. Public sector governance)
500 ## - GENERAL NOTE
General note Includes bibliographical references.
520 ## - SUMMARY, ETC.
Summary, etc Public spending plays a key role in the economic growth and development of most developing economies. This book analyzes revenues, policy, and administration of Domestic Resource Mobilization (DRM) in developing countries. It provides a broad landscape of practical examples, drawing from lessons learned in World Bank operations across Global Practices over the past several decades. It should be thought of as a starting point for a more comprehensive research agenda rather than a complete inventory itself. This book reviews the trends in tax revenue collection in developing countries. It provides an overview of efforts to close the revenue gap, many of which have been supported by World Bank operations. The book reviews the special challenges facing low income countries, which have traditionally relied on indirect revenues in the context of limited formalization of their economies. An overview of tax policy and administration reform programs is presented, with an overview of outstanding issues that will shape the policy agenda in years ahead.
650 ## - SUBJECT ADDED ENTRY--TOPICAL TERM
Topical Term Fiscal policy--Developing countries.
650 ## - SUBJECT ADDED ENTRY--TOPICAL TERM
Topical Term Finance, Public--Developing countries.
942 ## - ADDED ENTRY ELEMENTS (KOHA)
Koha item type Electronic Books
Holdings
Source of acquisition Permanent Location Date acquired Collection code Koha item type Lost status Shelving location Withdrawn status Current Location Full call number
DonationCagayan State University - Carig Library2025-05-21E-BooksElectronic Books E-Resource Section Cagayan State University - Carig Library338 J957 2017

Cagayan State University University Library, Carig Campus
Tuguegarao City, Cagayan 3500 | www.csucarig.edu.ph

Powered by Koha